Analýza variability režimu chodu výrobne Fluidný katalytický krak (FCC) vzhľadom na výťažky produktov a spotrebu energií - reakčná časť diplomová práca

Uložené v:
Podrobná bibliografia
Hlavný autor: Šedová, Terézia
Médium: Kniha
Jazyk:Slovak
Vydavateľské údaje: Bratislava STU FCHPT 2015
On-line prístup:View in OPAC
Tagy: Pridať tag
Žiadne tagy, Buďte prvý, kto otaguje tento záznam!

MARC

LEADER 00000nam a2200000 a 4500
005 20260127134117.0
008 151202 2015 000 0 slo d
035 |a vtls011425803 
039 9 |y 201512021511  |z mschk03 
040 |a STUSCHK1  |b slo  |c STUSCHK1  |e AACR2 
100 1 |a Šedová, Terézia 
245 1 |a Analýza variability režimu chodu výrobne Fluidný katalytický krak (FCC) vzhľadom na výťažky produktov a spotrebu energií - reakčná časť  |b diplomová práca  |c Terézia Šedová 
260 |a Bratislava  |b STU FCHPT  |c 2015 
300 |a 145 s.  |b il.  |c 25 cm 
500 |a Študijný program:chemické inžinierstvo 
500 |a Študijný odbor: chemické inžinierstvo 
500 |a Školiace pracovisko: FCHPT-5433-440072 
910 |a SCHK95 
999 |c 4320  |d 4320